[Event "LJEM M-V 2023 u14"]
[Site "Fleether Mühle"]
[Date "2023.02.04"]
[Round "1.9"]
[White "Janssen, Julika"]
[Black "Lieb, Levente"]
[Result "0-1"]
[WhiteElo "1251"]
[BlackElo "857"]
[Time "14:30:00"]
[WhiteTeam "TuS Makkabi Rostock"]
[BlackTeam "ESV 1888 Wittenberge"]

1.d4 d5 2.Nf3 Nf6 3.Bf4 c6 4.e3 Qb6 5.Qc1 Bf5 6.Nbd2 h6 7.Be2 Nbd7 8.O-O 
e6 9.Ne5 Nxe5 10.Bxe5 Be7 11.h3 O-O 12.Rb1 Rac8 13.Ra1 c5 14.c3 Qc6 15.Qd1
b5 16.Rc1 Qb6 17.b3 c4 18.Bg4 Bh7 19.Qf3 cxb3 20.axb3 b4 21.cxb4 Qxb4 22.
Qe2 Rc2 23.Rfd1 Rfc8 24.Ra1 a5 25.Qa6 Rf8 26.Ra4 Qc3 27.Nb1 Qxb3 28.Rxa5 
Rfc8 29.Rb5 Qc4 30.Nd2 Qc3 31.Nb1 Qc6 32.Rb6 Qc4 33.Rf1 Qxa6 34.Rxa6 Rc1 
35.Be2 Bxb1 36.Ra1 Rxf1+ 37.Bxf1 Bh7 38.Bxf6 Bxf6 39.Ra6 Bg6 40.Kh2 Kh7 
41.f3 Rc3 42.e4 Bxd4 43.exd5 exd5 44.Ra2 Be5+ 45.Kg1 Bd4+ 46.Kh2 Be3 47.
Ra1 d4 48.Rd1 Bc2 49.Re1 f5 50.Kh1 f4 51.Kh2 d3 52.Ra1 d2 53.Be2 Bd3 54.
Bd1 Rc1 0-1

[Event "LJEM M-V 2023 u14"]
[Site "Fleether Mühle"]
[Date "2023.02.05"]
[Round "2.1"]
[White "Eschrig, Immanuel"]
[Black "Herrmann, Jakob"]
[Result "0-1"]
[WhiteElo "1448"]
[BlackElo "1974"]
[Time "08:30:00"]
[WhiteTeam "Greifswalder SV"]
[BlackTeam "SAV Torgelow-Drögeheide 90"]

1.e4 c5 2.Nc3 Nc6 3.f4 g6 4.Nf3 Bg7 5.Bc4 d6 6.d3 e6 7.O-O Nge7 8.Qe1 O-O 
9.f5 exf5 10.Qh4 a6 11.Bh6 b5 12.Ng5 Bd4+ 13.Kh1 bxc4 14.Bxf8 Kxf8 15.Qxh7
Bg7 16.dxc4 f6 17.Nh3 Kf7 18.Qh4 Rb8 19.Rab1 Kg8 20.a3 Ne5 21.b3 g5 22.Qe1
f4 23.Nf2 N7c6 24.Nd5 Be6 25.Qd1 Ne7 26.h3 Nxd5 27.cxd5 Bd7 28.c4 Qe8 29.
Nd3 f5 30.Qe2 Qg6 31.Nxe5 Bxe5 32.Rbe1 fxe4 33.Qxe4 0-1

[Event "LJEM M-V 2023 u14"]
[Site "Fleether Mühle"]
[Date "2023.02.05"]
[Round "2.2"]
[White "Brandt, Mattis"]
[Black "Wellßow, Lio Keanu"]
[Result "1-0"]
[WhiteElo "1323"]
[BlackElo "1131"]
[Time "08:30:00"]
[WhiteTeam "Greifswalder SV"]
[BlackTeam "HSG Stralsund"]

1.d4 e6 2.Nf3 d5 3.e3 c5 4.c3 Qb6 5.Bd3 Nc6 6.Nbd2 Bd7 7.O-O Nge7 8.dxc5 
Qxc5 9.e4 Ng6 10.exd5 Qxd5 11.Bc2 Be7 12.b3 Bf6 13.c4 Qa5 14.Rb1 Qxa2 15.
Ne4 Be7 16.Bb2 e5 17.Qd3 Rd8 18.Nc3 Qa5 19.Nd5 Nb4 20.Qc3 Nc6 21.Qe3 f6 
22.b4 Bxb4 23.Nxb4 Qxb4 24.Ba3 Qxc4 25.Bb3 Qf4 26.Qc5 Bh3 27.Bd5 Nge7 28.
Bxc6+ Nxc6 29.Rxb7 Bd7 30.Rd1 Qf5 31.Rbxd7 Rxd7 32.Qxc6 Kd8 33.Qa8+ Kc7 
34.Rc1+ Kb6 35.Qc6+ Ka5 36.Rc5# 1-0

[Event "LJEM M-V 2023 u14"]
[Site "Fleether Mühle"]
[Date "2023.02.05"]
[Round "2.3"]
[White "Chandrasekher, Ritu"]
[Black "Stepanjan, Tatevik Mia"]
[Result "0-1"]
[WhiteElo "1268"]
[BlackElo "1128"]
[Time "08:30:00"]
[WhiteTeam "TuS Makkabi Rostock"]
[BlackTeam "ESV 1888 Wittenberge"]

1.e4 c5 2.Nf3 Nc6 3.Bb5 e6 4.O-O d6 5.d4 Bd7 6.Nc3 a6 7.Bxc6 Bxc6 8.d5 Bd7
9.Be3 Nf6 10.Qd3 Be7 11.Rad1 b5 12.e5 dxe5 13.dxe6 Bxe6 14.Qxd8+ Rxd8 15.
Rxd8+ Bxd8 16.Bxc5 Bc7 17.Rc1 Nd7 18.Ne4 f5 19.Nd6+ Kd8 20.b4 Nxc5 21.bxc5
Bxd6 22.cxd6 e4 23.Ne5 Re8 24.Rd1 Bxa2 25.Nc6+ Kd7 26.Ne5+ Rxe5 0-1

[Event "LJEM M-V 2023 u14"]
[Site "Fleether Mühle"]
[Date "2023.02.05"]
[Round "2.4"]
[White "Lieb, Levente"]
[Black "Briese, Paul"]
[Result "1-0"]
[WhiteElo "857"]
[BlackElo "1310"]
[Time "08:30:00"]
[WhiteTeam "ESV 1888 Wittenberge"]
[BlackTeam "SAV Torgelow-Drögeheide 90"]

1.d4 Nf6 2.Nf3 g6 3.Bf4 d6 4.h3 Bg7 5.e3 Nbd7 6.c3 O-O 7.Nbd2 Re8 8.Qb3 a6
9.Bc4 e6 10.O-O b5 11.Be2 e5 12.Bg5 h6 13.Bh4 e4 14.Nh2 g5 15.Bg3 h5 16.h4
g4 17.Bf4 Nb6 18.Bg5 d5 19.f3 g3 20.fxe4 gxh2+ 21.Kxh2 dxe4 22.Bxh5 Rf8 
23.Nxe4 Be6 24.Nxf6+ Bxf6 25.Bxf6 Qd6+ 26.Be5 Bxb3 27.Bxd6 cxd6 28.axb3 
Ra7 29.Rf3 Re8 30.Raf1 Ree7 31.Rf5 Red7 32.e4 d5 33.exd5 Nxd5 34.R1f3 a5 
35.c4 1-0

[Event "LJEM M-V 2023 u14"]
[Site "Fleether Mühle"]
[Date "2023.02.05"]
[Round "2.5"]
[White "Grundmann, Max"]
[Black "Natsagdorj, Zelme"]
[Result "1/2-1/2"]
[WhiteElo "1284"]
[BlackElo "1048"]
[Time "08:30:00"]
[WhiteTeam "Think Rochade - SC HRO"]
[BlackTeam "SC Mecklenburger Springer"]

1.d4 d5 2.c4 c6 3.Nc3 Nf6 4.Bg5 Nbd7 5.e3 e6 6.Bd3 Be7 7.Nge2 h6 8.Bxf6 
Nxf6 9.O-O O-O 10.a3 Bd6 11.c5 Bc7 12.b4 a6 13.a4 Bd7 14.Qc2 e5 15.dxe5 
Bxe5 16.Nd4 Bxd4 17.exd4 Re8 18.Rfe1 Qc7 19.h3 Qf4 20.Ne2 Qg5 21.Ng3 g6 
22.Be2 Ne4 23.Nxe4 Rxe4 24.Qc3 Rae8 25.Ra2 1/2-1/2

[Event "LJEM M-V 2023 u14"]
[Site "Fleether Mühle"]
[Date "2023.02.05"]
[Round "2.6"]
[White "Peilert, Maximilian"]
[Black "Asmussen, Henry"]
[Result "1-0"]
[WhiteElo "1317"]
[BlackElo "1192"]
[Time "08:30:00"]
[WhiteTeam "Think Rochade - SC HRO"]
[BlackTeam "HSG Stralsund"]

1.d4 d5 2.c4 Nf6 3.Nc3 c6 4.Bg5 h6 5.Bh4 e6 6.e3 Bb4 7.Qb3 Bxc3+ 8.bxc3 
O-O 9.Nf3 Nbd7 10.Bd3 Qc7 11.Bg3 Qa5 12.O-O Re8 13.Bd6 c5 14.Ne5 cxd4 15.
cxd4 Nxe5 16.Bxe5 Ng4 17.Bf4 e5 18.dxe5 Nxe5 19.cxd5 Nxd3 20.Qxd3 Qd8 21.
e4 Bd7 22.Qg3 Bb5 23.Bxh6 Kf8 24.Qxg7+ Ke7 25.Bg5+ Kd7 26.Qxf7+ Kc8 27.
Rfc1+ Kb8 28.Bf4+ Qc7 29.Qxc7# 1-0

[Event "LJEM M-V 2023 u14"]
[Site "Fleether Mühle"]
[Date "2023.02.05"]
[Round "2.7"]
[White "Tsiple, Dragos"]
[Black "Janssen, Julika"]
[Result "0-1"]
[WhiteElo "959"]
[BlackElo "1251"]
[Time "08:30:00"]
[WhiteTeam "SG Eintracht Neubrandenburg"]
[BlackTeam "TuS Makkabi Rostock"]

1.e4 e5 2.Nf3 Nc6 3.d4 exd4 4.Nxd4 Nf6 5.Nc3 g6 6.Bg5 Bg7 7.Nxc6 bxc6 8.e5
O-O 9.exf6 Bxf6 10.Bxf6 Qxf6 11.Qe2 Rb8 12.O-O-O d5 13.Qe3 Rb7 14.Ba6 Rb6 
15.Bxc8 Rxc8 16.Na4 Ra6 17.b3 Rd8 18.g3 Ra5 19.Qd4 Qd6 20.Kb2 c5 21.Qc3 
Rb5 22.Rhe1 d4 23.Qc4 c6 24.a3 Ra5 25.Nxc5 Rxc5 26.Qa6 Qf6 27.Rd2 d3+ 28.
Kb1 Qc3 29.Kc1 Qa1# 0-1

[Event "LJEM M-V 2023 u14"]
[Site "Fleether Mühle"]
[Date "2023.02.05"]
[Round "2.8"]
[White "Pommerehnke, Marla"]
[Black "Stigge, Konrad"]
[Result "1-0"]
[WhiteElo "1155"]
[BlackElo "880"]
[Time "08:30:00"]
[WhiteTeam "TuS Makkabi Rostock"]
[BlackTeam "SSC Rostock 07"]

1.d4 d5 2.Nf3 Nc6 3.Bf4 Bf5 4.e3 Nf6 5.Be2 g6 6.h3 Bg7 7.Nbd2 Nd7 8.c3 e5 
9.Bh2 e4 10.Ng1 O-O 11.Bf4 g5 12.Bg3 Re8 13.c4 Be6 14.cxd5 Bxd5 15.Bc4 
Bxc4 16.Nxc4 Qe7 17.b3 Qb4+ 18.Qd2 Qxd2+ 19.Nxd2 Rac8 20.a3 b5 21.Ne2 b4 
22.a4 Re6 23.O-O Rh6 24.Kh2 Nf6 25.Kg1 Bf8 26.f3 exf3 27.Rxf3 Bd6 28.Bxd6 
cxd6 29.Raf1 Kg7 30.Rg3 Kg6 31.Nf4+ Kg7 32.Rxg5+ Kf8 33.Nd5 Nxd5 34.Rxd5 
Ke7 35.Rdf5 Rf8 36.Rc1 Nd8 37.Rf4 Rg8 38.Rc7+ Ke8 39.Re4+ Re6 40.Rxe6+ 
Nxe6 41.Rxa7 Rg7 42.Nf3 Kf8 43.Rb7 f6 44.Rxg7 Kxg7 45.Kf2 Kg6 46.Ke2 1-0

[Event "LJEM M-V 2023 u14"]
[Site "Fleether Mühle"]
[Date "2023.02.05"]
[Round "2.9"]
[White "Tadewaldt, Stanley Fiete"]
[Black "Garde, Edgar Emil"]
[Result "0-1"]
[WhiteElo "880"]
[BlackElo "1113"]
[Time "08:30:00"]
[WhiteTeam "SAV Torgelow-Drögeheide 90"]
[BlackTeam "TuS Makkabi Rostock"]

1.e4 e5 2.Nf3 Nc6 3.Bc4 Bc5 4.O-O Nf6 5.d3 h6 6.Nc3 O-O 7.Nd5 d6 8.h3 Be6 
9.Nxf6+ Qxf6 10.Bxe6 Qxe6 11.c3 d5 12.Re1 f5 13.exf5 Qxf5 14.d4 e4 15.Nh4 
Qxf2+ 16.Kh2 Bd6+ 17.Kh1 Qg3 18.Nf3 exf3 19.gxf3 Qh2# 0-1

[Event "LJEM M-V 2023 u14"]
[Site "Fleether Mühle"]
[Date "2023.02.05"]
[Round "3.1"]
[White "Herrmann, Jakob"]
[Black "Lieb, Levente"]
[Result "1-0"]
[WhiteElo "1974"]
[BlackElo "857"]
[Time "14:30:00"]
[WhiteTeam "SAV Torgelow-Drögeheide 90"]
[BlackTeam "ESV 1888 Wittenberge"]

1.e4 e6 2.d4 c5 3.Nf3 a6 4.c3 h6 5.Bd3 b5 6.O-O c4 7.Bc2 Bb7 8.Re1 Nf6 9.
a4 b4 10.Nbd2 b3 11.Bb1 d5 12.exd5 Bxd5 13.Qe2 Qc7 14.Ne4 Be7 15.Ne5 h5 
16.Bf4 Qc8 17.Nd2 Nbd7 18.Ndxc4 Qb7 19.f3 g6 20.Nxd7 Nxd7 21.Ne5 O-O 22.c4
Bc6 23.Nxc6 Qxc6 24.Be4 Qb6 25.Bxa8 Rxa8 26.Red1 Bf6 27.Kh1 Bxd4 28.Qe4 
Ra7 29.Qxd4 Qb7 30.Be3 Ra8 31.Qxd7 Qb4 32.c5 Kg7 33.c6 Qb8 34.c7 Qc8 35.
Qxc8 Rxc8 36.Rac1 Kf6 37.Rd8 Rxd8 38.cxd8=Q+ 1-0

[Event "LJEM M-V 2023 u14"]
[Site "Fleether Mühle"]
[Date "2023.02.05"]
[Round "3.2"]
[White "Stepanjan, Tatevik Mia"]
[Black "Brandt, Mattis"]
[Result "0-1"]
[WhiteElo "1128"]
[BlackElo "1323"]
[Time "14:30:00"]
[WhiteTeam "ESV 1888 Wittenberge"]
[BlackTeam "Greifswalder SV"]

1.e4 c5 2.Nf3 e6 3.d4 cxd4 4.Nxd4 a6 5.Nc3 Qc7 6.Be2 Nf6 7.Qd3 b5 8.a3 Bb7
9.O-O Be7 10.b4 d6 11.Bf3 O-O 12.Bb2 Nbd7 13.Rfe1 Ne5 14.Qe2 Nc4 15.Bc1 
Nd7 16.Nd1 Bf6 17.c3 Nce5 18.Bb2 Nxf3+ 19.Nxf3 d5 20.e5 Be7 21.Nd4 Nb6 22.
f4 Nc4 23.Bc1 a5 24.Ne3 axb4 25.Nxc4 bxc4 26.cxb4 Bxb4 27.Rd1 Bc3 28.Bb2 
Bxb2 29.Qxb2 Ba6 30.Qc3 Rab8 31.Rab1 Qc5 32.Kh1 Rb6 33.Rxb6 Qxb6 34.h3 f6 
35.Qb4 Qxb4 36.axb4 fxe5 37.Nxe6 d4 38.fxe5 d3 39.Nc7 c3 40.b5 c2 41.Rg1 
d2 42.bxa6 d1=Q 43.a7 Qxg1+ 0-1

[Event "LJEM M-V 2023 u14"]
[Site "Fleether Mühle"]
[Date "2023.02.05"]
[Round "3.3"]
[White "Briese, Paul"]
[Black "Grundmann, Max"]
[Result "1/2-1/2"]
[WhiteElo "1310"]
[BlackElo "1284"]
[Time "14:30:00"]
[WhiteTeam "SAV Torgelow-Drögeheide 90"]
[BlackTeam "Think Rochade - SC HRO"]

1.e4 c5 2.Nf3 Nc6 3.c3 e6 4.d4 cxd4 5.cxd4 Nge7 6.Be2 d5 7.e5 Nf5 8.O-O 
Qb6 9.Qa4 Bd7 10.Bb5 Nfxd4 11.Nxd4 Qxd4 12.Qxd4 Nxd4 13.Bxd7+ Kxd7 14.Nc3 
Bb4 15.Be3 Bxc3 16.bxc3 Ne2+ 17.Kh1 Nxc3 18.Rfc1 Na4 19.Rab1 b6 20.Rb4 Nc5
21.Bxc5 bxc5 22.Rxc5 Rab8 23.Rcb5 Rxb5 24.Rxb5 Rc8 25.g3 a6 26.Rb7+ Rc7 
27.Rb6 Ra7 28.a4 Kc7 29.a5 g6 30.Kg2 Kd7 31.Kf3 Ke7 32.Kf4 Kf8 33.g4 Kg7 
34.h4 1/2-1/2

[Event "LJEM M-V 2023 u14"]
[Site "Fleether Mühle"]
[Date "2023.02.05"]
[Round "3.4"]
[White "Natsagdorj, Zelme"]
[Black "Eschrig, Immanuel"]
[Result "1-0"]
[WhiteElo "1048"]
[BlackElo "1448"]
[Time "14:30:00"]
[WhiteTeam "SC Mecklenburger Springer"]
[BlackTeam "Greifswalder SV"]

1.e4 e5 2.Nf3 Nc6 3.Bc4 Bc5 4.c3 Nf6 5.d4 exd4 6.e5 Ng4 7.cxd4 Bb4+ 8.Nbd2
d5 9.Bb5 Nh6 10.a3 Bxd2+ 11.Bxd2 Nf5 12.Bxc6+ bxc6 13.Bb4 Ne7 14.h3 a5 15.
Bc5 Ba6 16.Qc2 h6 17.Bxe7 Qxe7 18.Qxc6+ Qd7 19.Qxa8+ Qc8 20.Qxc8+ Bxc8 21.
O-O g5 22.Rac1 Kd8 23.Rc5 a4 24.Rxd5+ Ke7 25.Rc1 Ke6 26.Rdc5 f5 27.d5+ Ke7
1-0

[Event "LJEM M-V 2023 u14"]
[Site "Fleether Mühle"]
[Date "2023.02.05"]
[Round "3.5"]
[White "Garde, Edgar Emil"]
[Black "Peilert, Maximilian"]
[Result "0-1"]
[WhiteElo "1113"]
[BlackElo "1317"]
[Time "14:30:00"]
[WhiteTeam "TuS Makkabi Rostock"]
[BlackTeam "Think Rochade - SC HRO"]

1.d4 d5 2.c4 c6 3.Nf3 Nf6 4.Bf4 e6 5.e3 Bb4+ 6.Nbd2 O-O 7.Bd3 Nbd7 8.O-O 
c5 9.Ne5 cxd4 10.exd4 Bxd2 11.Qxd2 dxc4 12.Nxc4 Nb6 13.Nxb6 Qxb6 14.Be5 
Nd5 15.Qg5 f6 16.Qh5 h6 17.Bg3 Qxd4 18.Qe2 Nf4 19.Bxf4 Qxf4 20.Bc4 Re8 21.
g3 Qg5 22.Rad1 Kh8 23.h4 Qc5 24.Rd2 a6 25.Rfd1 b5 26.Rd8 Bb7 27.Rxe8+ Rxe8
28.Qh5 0-1

[Event "LJEM M-V 2023 u14"]
[Site "Fleether Mühle"]
[Date "2023.02.05"]
[Round "3.6"]
[White "Wellßow, Lio Keanu"]
[Black "Chandrasekher, Ritu"]
[Result "1-0"]
[WhiteElo "1131"]
[BlackElo "1268"]
[Time "14:30:00"]
[WhiteTeam "HSG Stralsund"]
[BlackTeam "TuS Makkabi Rostock"]

1.d4 d5 2.c4 e6 3.Nf3 Nf6 4.Bf4 Be7 5.Nc3 O-O 6.e3 Nbd7 7.Bd3 b6 8.O-O Bb7
9.Nb5 c6 10.Nd6 Bxd6 11.Bxd6 Re8 12.c5 Nf8 13.Rc1 bxc5 14.dxc5 N8d7 15.b4 
e5 16.Be2 h6 17.b5 Nh7 18.Qa4 Qc8 19.Rfd1 a6 20.b6 Qd8 21.Bc7 Qe7 22.Bd6 
Qf6 23.Rb1 Ng5 24.Rxd5 Nxc5 25.Rxc5 Qxd6 26.Ra5 c5 27.Nxg5 Qg6 28.e4 Qxg5 
29.Bxa6 Bxa6 30.Rxa6 Rab8 31.b7 Rxb7 32.Qxe8+ Kh7 33.Rf1 c4 34.Qc6 1-0

[Event "LJEM M-V 2023 u14"]
[Site "Fleether Mühle"]
[Date "2023.02.05"]
[Round "3.7"]
[White "Janssen, Julika"]
[Black "Pommerehnke, Marla"]
[Result "1/2-1/2"]
[WhiteElo "1251"]
[BlackElo "1155"]
[Time "14:30:00"]
[WhiteTeam "TuS Makkabi Rostock"]
[BlackTeam "TuS Makkabi Rostock"]

1.d4 Nf6 2.Nf3 g6 3.Bf4 Bg7 4.e3 d6 5.Bd3 O-O 6.O-O b6 7.c4 c5 8.Nc3 Bb7 
9.Re1 Re8 10.Bg3 e6 11.Nb5 Bf8 12.Bh4 Be7 13.h3 Ne4 14.Bxe7 Qxe7 15.Nh2 a6
16.Nc3 Nxc3 17.bxc3 Rd8 18.Rb1 Qc7 1/2-1/2

[Event "LJEM M-V 2023 u14"]
[Site "Fleether Mühle"]
[Date "2023.02.05"]
[Round "3.8"]
[White "Asmussen, Henry"]
[Black "Tank, Julian"]
[Result "1/2-1/2"]
[WhiteElo "1192"]
[BlackElo "1080"]
[Time "14:30:00"]
[WhiteTeam "HSG Stralsund"]
[BlackTeam "Think Rochade - SC HRO"]

1.e4 e5 2.Nf3 Nc6 3.Bc4 Bc5 4.Nc3 d6 5.d3 h6 6.h3 Nf6 7.O-O O-O 8.b3 Bd7 
9.Bb2 a6 10.Nd5 b5 11.Nxf6+ Qxf6 12.Bd5 Rad8 13.Bxc6 Bxc6 14.d4 exd4 15.
Nxd4 Bxe4 16.c3 Ba7 17.Re1 d5 18.Qg4 Rfe8 19.Bc1 Bxd4 20.cxd4 Bf5 21.Rxe8+
Rxe8 22.Qf3 Re1+ 23.Kh2 Qd6+ 24.Qg3 Qxg3+ 25.Kxg3 g6 26.Bb2 Rxa1 27.Bxa1 
h5 28.h4 Bb1 29.a3 a5 30.a4 bxa4 31.bxa4 Bc2 32.Bc3 Bxa4 33.Bxa5 c6 34.Kf4
f6 35.g4 hxg4 36.Kxg4 Kf7 37.f4 Ke6 38.f5+ Kf7 39.fxg6+ Kxg6 40.h5+ Kh6 
41.Bd2+ Kg7 42.h6+ Kg6 1/2-1/2

[Event "LJEM M-V 2023 u14"]
[Site "Fleether Mühle"]
[Date "2023.02.05"]
[Round "3.9"]
[White "Stigge, Konrad"]
[Black "Tsiple, Dragos"]
[Result "1-0"]
[WhiteElo "880"]
[BlackElo "959"]
[Time "14:30:00"]
[WhiteTeam "SSC Rostock 07"]
[BlackTeam "SG Eintracht Neubrandenburg"]

1.e4 d5 2.exd5 Qxd5 3.Nc3 Qa5 4.Nf3 Nf6 5.Bc4 Bg4 6.O-O e6 7.h3 Bxf3 8.
Qxf3 Nc6 9.d3 Bb4 10.Ne4 Nxe4 11.dxe4 Nd4 12.Qd3 O-O-O 13.c3 Bxc3 14.bxc3 
Qxc3 15.Qxc3 Ne2+ 16.Bxe2 f6 17.Bf4 e5 18.Rac1 c6 19.Be3 a6 20.Rfd1 Rde8 
21.Ba7 Re7 22.Bxa6 bxa6 23.Qxc6+ Rc7 24.Qxc7# 1-0

[Event "LJEM M-V 2023 u14"]
[Site "Fleether Mühle"]
[Date "2023.02.06"]
[Round "4.2"]
[White "Lieb, Levente"]
[Black "Natsagdorj, Zelme"]
[Result "0-1"]
[WhiteElo "857"]
[BlackElo "1048"]
[Time "08:30:00"]
[WhiteTeam "ESV 1888 Wittenberge"]
[BlackTeam "SC Mecklenburger Springer"]

1.d4 d5 2.Nf3 c6 3.c3 Nf6 4.Bf4 e6 5.Nbd2 Nbd7 6.Qc2 b6 7.h3 Bb7 8.e4 dxe4
9.Nxe4 Nxe4 10.Qxe4 Nf6 11.Qc2 Bd6 12.Bxd6 Qxd6 13.Bd3 h6 14.O-O O-O 15.
Rad1 c5 16.dxc5 Qxc5 17.Nd2 Qg5 18.Be4 Nxe4 19.Nxe4 Qg6 20.Rfe1 f5 21.Ng3 
Rad8 22.Kh2 Rxd1 23.Rxd1 Qg5 24.f3 e5 25.Rd7 Bc8 26.Rxa7 Qf4 27.Qb3+ Kh8 
28.Qxb6 h5 29.Qf2 h4 30.Qc5 hxg3+ 31.Kg1 Qc1# 0-1

[Event "LJEM M-V 2023 u14"]
[Site "Fleether Mühle"]
[Date "2023.02.06"]
[Round "4.3"]
[White "Grundmann, Max"]
[Black "Stepanjan, Tatevik Mia"]
[Result "1-0"]
[WhiteElo "1284"]
[BlackElo "1128"]
[Time "08:30:00"]
[WhiteTeam "Think Rochade - SC HRO"]
[BlackTeam "ESV 1888 Wittenberge"]

1.d4 d5 2.c4 e6 3.Nc3 Nf6 4.Bg5 Be7 5.e3 a6 6.Nf3 h6 7.Bh4 c6 8.Bd3 b5 9.
c5 Nbd7 10.b4 Ng4 11.Bg3 a5 12.a3 a4 13.h3 Ngf6 14.Ne5 Nxe5 15.Bxe5 O-O 
16.O-O Nd7 17.Bg3 Bf6 18.Ra2 e5 19.dxe5 Nxe5 20.Ne2 Nc4 21.Bxc4 dxc4 22.
Qd6 Bb7 23.Rd1 Rc8 24.Rad2 Qe7 25.Qxe7 Bxe7 26.Bd6 Rfe8 27.Bxe7 Rxe7 28.
Rd7 Rce8 29.Kf1 Kf8 30.Nc3 Rxd7 31.Rxd7 Re7 32.Rd8+ Re8 33.Rxe8+ Kxe8 34.
Ne4 Ke7 35.Nd6 Ba6 36.Ke2 Ke6 37.Ne8 Ke5 38.Nxg7 Bc8 39.f3 f5 40.f4+ Ke4 
41.Nh5 Be6 42.Nf6# 1-0

[Event "LJEM M-V 2023 u14"]
[Site "Fleether Mühle"]
[Date "2023.02.06"]
[Round "4.4"]
[White "Peilert, Maximilian"]
[Black "Wellßow, Lio Keanu"]
[Result "1/2-1/2"]
[WhiteElo "1317"]
[BlackElo "1131"]
[Time "08:30:00"]
[WhiteTeam "Think Rochade - SC HRO"]
[BlackTeam "HSG Stralsund"]

1.d4 e6 2.c4 d5 3.Nc3 c5 4.e3 Nf6 5.Nf3 Bd6 6.Qb3 O-O 7.cxd5 cxd4 8.Nxd4 
exd5 9.g3 b6 10.Bg2 Bb7 11.O-O Bc5 12.Rd1 Qd7 13.Nde2 Rd8 14.Nf4 d4 15.
exd4 Bxd4 16.Be3 Nc6 17.Nfe2 Na5 18.Qb4 Bxg2 19.Rxd4 Bd5 20.Nxd5 Nxd5 21.
Qd2 Rac8 22.Nf4 Nc4 23.Qe2 Nxf4 24.Rxf4 Nxe3 25.Qxe3 Re8 26.Rd4 Qb5 27.Qd2
h6 28.Rd5 Qc6 29.Rd7 Re2 30.Rd8+ Re8 31.Rd7 Re2 32.Rd8+ Rxd8 33.Qxd8+ Re8 
34.Qd2 Qf3 35.Re1 Rxe1+ 36.Qxe1 Qd5 37.a3 g6 38.Qc1 Kg7 39.Qc3+ f6 40.Qc7+
Qf7 41.Qd6 h5 42.h4 g5 43.hxg5 fxg5 44.Qe5+ Kg6 45.Kg2 Qf6 46.Qe8+ Kh6 47.
Qe2 a5 48.Qd2 Kg6 49.Qc2+ Kh6 50.Qd2 Qe6 51.Qd8 Qb3 52.Qf6+ Kh7 53.Qf5+ 
Kh6 54.Qf6+ Kh7 55.Qf5+ Kh8 56.Qf6+ Kh7 57.Qxg5 Qxb2 58.Qxh5+ Kg8 59.Qf3 
b5 60.Qa8+ Kh7 61.Qxa5 Qb3 62.Qc7+ Kg6 63.Qc5 Kf6 64.g4 Kg6 65.f3 Kf6 66.
Kg3 Kg6 67.g5 Kh5 68.Kf4 Kg6 69.Qf5+ Kg7 70.Qf6+ Kg8 71.g6 Qc4+ 72.Kg5 
Qc1+ 73.f4 Qg1+ 74.Kf5 Qc5+ 75.Qe5 Qf8+ 76.Kg5 Qd8+ 77.Kh5 Qd1+ 78.Kh6 Qd7
79.g7 Qc6+ 80.Kg5 Qg2+ 81.Kf6 Qxg7+ 82.Ke6 Qf7+ 83.Kd6 Qf8+ 84.Qe7 Qxf4+ 
85.Kc6 Qc4+ 86.Qc5 Kf7 87.Kb6 Qa4 88.Qb4 Ke6 89.Qxa4 bxa4 90.Kc5 Kd7 91.
Kb5 Kc7 92.Kxa4 Kb6 93.Kb4 Ka6 94.a4 Kb6 95.a5+ Ka6 96.Ka4 Ka7 97.Kb5 Kb7 
98.a6+ Ka7 99.Ka5 Kb8 100.Kb6 Ka8 1/2-1/2

[Event "LJEM M-V 2023 u14"]
[Site "Fleether Mühle"]
[Date "2023.02.06"]
[Round "4.5"]
[White "Pommerehnke, Marla"]
[Black "Briese, Paul"]
[Result "1/2-1/2"]
[WhiteElo "1155"]
[BlackElo "1310"]
[Time "08:30:00"]
[WhiteTeam "TuS Makkabi Rostock"]
[BlackTeam "SAV Torgelow-Drögeheide 90"]

1.d4 Nf6 2.Nf3 g6 3.Bf4 Bg7 4.e3 O-O 5.h3 d6 6.Be2 Nbd7 7.c3 Qe8 8.O-O e5 
9.Bh2 e4 10.Nfd2 Qe6 11.b3 Nb6 12.c4 g5 13.Nc3 c6 14.Rc1 d5 15.Be5 Nfd7 
16.Bxg7 Kxg7 17.Bg4 f5 18.cxd5 cxd5 19.Be2 Qg6 20.f3 Nf6 21.g4 exf3 22.
Nxf3 fxg4 23.Ne5 1/2-1/2

[Event "LJEM M-V 2023 u14"]
[Site "Fleether Mühle"]
[Date "2023.02.06"]
[Round "4.6"]
[White "Tank, Julian"]
[Black "Janssen, Julika"]
[Result "1/2-1/2"]
[WhiteElo "1080"]
[BlackElo "1251"]
[Time "08:30:00"]
[WhiteTeam "Think Rochade - SC HRO"]
[BlackTeam "TuS Makkabi Rostock"]

1.d4 Nf6 2.c3 d5 3.Bg5 e6 4.Nf3 Be7 5.h3 b6 6.e3 Bb7 7.Bd3 Nbd7 8.Nbd2 O-O
9.O-O Re8 10.Qc2 Nf8 11.Ne5 h6 12.Bh4 N6h7 13.Bxe7 Qxe7 14.Bb5 Rac8 15.Bc6
Bxc6 16.Nxc6 Qd6 17.Ne5 Nf6 18.Rfe1 c5 19.b3 N8d7 20.f4 Qe7 21.Qd3 cxd4 
22.exd4 b5 23.c4 Nxe5 24.fxe5 bxc4 25.exf6 Qxf6 26.bxc4 Rb8 27.Rab1 dxc4 
28.Nxc4 Rxb1 29.Rxb1 Rd8 30.Ne5 Qh4 31.Nf3 Qf4 32.a3 e5 33.d5 e4 34.Qd4 
Qf5 35.Nd2 Rxd5 36.Qxe4 Qxe4 37.Nxe4 a5 38.Kf2 Kf8 39.g4 Rd3 40.a4 Rxh3 
41.Rb5 f6 42.Rxa5 Kf7 43.Nd6+ Ke7 44.Nf5+ Kf8 45.Ra8+ Kf7 46.Ra7+ Ke6 47.
Nxg7+ Ke5 48.Ra5+ Kf4 49.Rf5+ Kxg4 50.Rxf6 Kg5 51.Rb6 Rh2+ 52.Kg3 Ra2 53.
Ne6+ Kf5 54.Nd4+ Kg5 55.Rb5+ Kg6 56.a5 Ra3+ 57.Nf3 Ra4 58.Ne5+ Kf6 59.Nd7+
Kg6 60.Nc5 Ra3+ 61.Nb3 Ra4 62.Rb6+ Kg5 63.a6 h5 64.Nc5 Ra3+ 65.Rb3 h4+ 66.
Kh3 Ra1 67.Ne4+ Kf4 68.Nc5 Kg5 69.Rb4 Ra3+ 70.Kh2 Ra2+ 71.Kh3 Ra3+ 72.Rb3 
Ra5 73.Ne6+ Kh5 74.Nc7 Ra4 75.Rb5+ Kg6 76.Rb6+ Kg5 77.Nb5 Rb4 78.a7 Rb3+ 
79.Kg2 Rb2+ 80.Kf3 Rb3+ 81.Ke4 Rb4+ 82.Ke5 Ra4 83.Rb8 h3 84.Rg8+ Kh4 85.
a8=Q Rxa8 86.Rxa8 h2 87.Kf4 Kh3 88.Ra1 Kg2 89.Ra2+ Kh3 1/2-1/2

[Event "LJEM M-V 2023 u14"]
[Site "Fleether Mühle"]
[Date "2023.02.06"]
[Round "4.7"]
[White "Eschrig, Immanuel"]
[Black "Garde, Edgar Emil"]
[Result "0-1"]
[WhiteElo "1448"]
[BlackElo "1113"]
[Time "08:30:00"]
[WhiteTeam "Greifswalder SV"]
[BlackTeam "TuS Makkabi Rostock"]

1.e4 e5 2.Nf3 Nc6 3.Nc3 Bc5 4.Nxe5 Nge7 5.Nxf7 Kxf7 6.Qh5+ Ng6 7.Qxc5 d6 
8.Bc4+ Ke8 9.Qe3 Rf8 10.d4 Nf4 11.Rg1 Nb4 12.Bb3 c5 13.Nd5 Qa5 14.Bd2 Be6 
15.Nxf4 Bxb3 16.Qxb3 Rxf4 17.Qg8+ Rf8 18.Qe6+ Kd8 19.Qxd6+ Ke8 20.Qe6+ Kd8
21.Bg5+ Kc7 22.Qe7+ Kc6 23.d5+ Nxd5+ 24.Bd2 Qxd2+ 25.Kxd2 Nxe7 26.Rgf1 
Rad8+ 27.Kc3 Ng6 28.f3 Nf4 29.g3 Ne2+ 30.Kc4 b5+ 31.Kb3 Rd7 32.c3 Rfd8 33.
Rf2 Rd2 34.Ka3 R8d3 35.Re1 b4+ 36.Ka4 Nxc3+ 37.bxc3 Rxf2 38.Kb3 Rxc3+ 39.
Ka4 Rxa2# 0-1

[Event "LJEM M-V 2023 u14"]
[Site "Fleether Mühle"]
[Date "2023.02.06"]
[Round "4.8"]
[White "Chandrasekher, Ritu"]
[Black "Stigge, Konrad"]
[Result "1-0"]
[WhiteElo "1268"]
[BlackElo "880"]
[Time "08:30:00"]
[WhiteTeam "TuS Makkabi Rostock"]
[BlackTeam "SSC Rostock 07"]

1.e4 c5 2.Nf3 Nc6 3.Bb5 g6 4.Bxc6 dxc6 5.O-O Bg7 6.c3 Nf6 7.Re1 O-O 8.d4 
cxd4 9.Qxd4 Ng4 10.e5 f6 11.Qc4+ Qd5 12.Qxd5+ cxd5 13.exf6 Bxf6 14.h3 Nh6 
15.Bxh6 Re8 16.Bg5 Bd7 17.Bxf6 exf6 18.Nbd2 Rad8 19.Rxe8+ Rxe8 20.Re1 
Rxe1+ 21.Nxe1 Kf7 22.f4 h6 23.Kf2 g5 24.Ke3 Ke6 1-0

[Event "LJEM M-V 2023 u14"]
[Site "Fleether Mühle"]
[Date "2023.02.06"]
[Round "4.9"]
[White "Tadewaldt, Stanley Fiete"]
[Black "Asmussen, Henry"]
[Result "1-0"]
[WhiteElo "880"]
[BlackElo "1192"]
[Time "08:30:00"]
[WhiteTeam "SAV Torgelow-Drögeheide 90"]
[BlackTeam "HSG Stralsund"]

1.e4 e5 2.Nf3 Nc6 3.Bc4 Bc5 4.c3 Nf6 5.d4 exd4 6.e5 Ng4 7.cxd4 d5 8.Bb3 
Bb6 9.O-O O-O 10.h3 Nh6 11.Bxh6 gxh6 12.Nc3 Be6 13.Qd2 Qd7 14.Rfd1 Bxh3 
15.Qxh6 Bxg2 16.Qg5+ Kh8 17.Qf6+ Kg8 18.Kxg2 Qg4+ 19.Kf1 Qh3+ 20.Ke2 Qg2 
21.Rg1 Qg6 22.Rxg6+ fxg6 23.Bxd5+ Rf7 24.Qxf7+ Kh8 25.Qf6# 1-0

[Event "LJEM M-V 2023 u14"]
[Site "Fleether Mühle"]
[Date "2023.02.07"]
[Round "5.1"]
[White "Herrmann, Jakob"]
[Black "Natsagdorj, Zelme"]
[Result "1-0"]
[WhiteElo "1974"]
[BlackElo "1048"]
[Time "08:30:00"]
[WhiteTeam "SAV Torgelow-Drögeheide 90"]
[BlackTeam "SC Mecklenburger Springer"]

1.e4 e5 2.Nf3 Nc6 3.d4 exd4 4.Nxd4 Bc5 5.Be3 Qf6 6.c3 Nge7 7.Bc4 Qg6 8.O-O
d6 9.Nxc6 Nxc6 10.Bxc5 dxc5 11.Bb5 O-O 12.Bxc6 Qxc6 13.Qe2 Re8 14.Nd2 Qg6 
15.Rad1 Bh3 16.f3 Be6 17.Nb3 b6 18.Rd2 f6 19.Rfd1 h5 20.Qf2 Kf7 21.Nc1 Rh8
22.Ne2 Qg5 23.f4 Qh6 24.f5 Bc8 25.Qg3 Re8 26.Qd3 Kf8 27.g3 Qg5 28.Nf4 Rb8 
29.Qc4 Bxf5 30.exf5 Qxf5 31.Rd7 Re7 32.Rxe7 Kxe7 33.Re1+ Kd8 34.Qg8+ Kd7 
35.Qxb8 Kc6 36.Qa8+ Kb5 37.Qxa7 h4 38.c4+ Kxc4 39.Qa4# 1-0